[Event "3rd Rapid Masters"]
[Site "Benidorm ESP"]
[Date "2006.12.09"]
[Round "7"]
[White "Damaso,R"]
[Black "Malakhov,V"]
[Result "1-0"]
[WhiteElo "2449"]
[BlackElo "2682"]

1.d4 c5 2.d5 g6 3.e4 Bg7 4.Nf3 d6 5.Bb5+ Bd7 6.a4 Nf6 7.Nc3 O-O 8.O-O Na6
9.Re1 Nc7 10.Bf1 Bg4 11.h3 Bxf3 12.Qxf3 Nd7 13.Nb5 a6 14.Nxc7 Qxc7 15.c3 b6
16.Bg5 Bf6 17.Bh6 Rfc8 18.Qg3 c4 19.h4 b5 20.axb5 axb5 21.h5 Nc5 22.Rxa8 Rxa8
23.f4 Bg7 24.Bxg7 Kxg7 25.e5 Nd7 26.h6+ Kf8 27.Kh1 Qc5 28.Qh3 Nb6 29.exd6 Qxd6
30.f5 Nxd5 31.Rd1 gxf5 32.Be2 Rd8 33.Bf3 Qe5 34.Qh4 Rd6 35.Qg5 e6 36.Bxd5 exd5
37.Ra1 Re6 38.Ra8+ Re8 39.Qg7+  1-0

[Event "3rd Rapid Masters"]
[Site "Benidorm ESP"]
[Date "2006.12.10"]
[Round "8"]
[White "Malakhov,V"]
[Black "Moskalenko,V"]
[Result "1/2-1/2"]
[WhiteElo "2682"]
[BlackElo "2543"]

1.e4 e6 2.Qe2 e5 3.c3 Nc6 4.g3 g6 5.Bg2 Bg7 6.Nf3 Nge7 7.O-O O-O 8.d3 d6
9.Nbd2 f5 10.b4 a6 11.Bb2 h6 12.a4 g5 13.exf5 Nxf5 14.Nc4 Bd7 15.b5 axb5
16.axb5 Rxa1 17.Rxa1 Nce7 18.g4 Nh4 19.Nxh4 gxh4 20.b6 Ng6 21.Bxb7 Nf4 22.Qe3 cxb6
23.Kh1 Qc7 24.Bf3 Bc6 25.Nd2 d5 26.Rg1 Nxd3 27.Qxd3 e4 28.Nxe4 dxe4 29.Bxe4 Bxe4+
30.Qxe4 Rxf2 31.Rg2 Rf1+ 32.Rg1  1/2-1/2

[Event "3rd Rapid Masters"]
[Site "Benidorm ESP"]
[Date "2006.12.10"]
[Round "9"]
[White "Malakhov,V"]
[Black "Taboas Rodriguez,D"]
[Result "1-0"]
[WhiteElo "2682"]
[BlackElo "2296"]

1.Nf3 Nf6 2.c4 g6 3.g3 Bg7 4.Bg2 O-O 5.O-O b6 6.Nc3 Bb7 7.d4 Ne4 8.Nxe4 Bxe4
9.Qd2 d5 10.cxd5 Qxd5 11.b3 c5 12.Bb2 Nc6 13.dxc5 Bxf3 14.Qxd5 Bxd5 15.Bxd5 Bxb2
16.Rab1 Bd4 17.cxb6 axb6 18.Bxc6 Rxa2 19.Rfd1 Bc5 20.b4 Bd6 21.e3 Kg7 22.b5 Rd8
23.Rbc1 Rb2 24.Ra1 Bc7 25.Rxd8 Bxd8 26.Ra7 Rd2 27.Kf1 f5 28.Ke1 Rd6 29.Ke2 Kf6
30.f4 h6 31.e4 fxe4 32.Bxe4 e5 33.Kf3 exf4 34.gxf4 h5 35.Rh7 Re6 36.h3 Be7
37.Bd5 Bd6 38.Bxe6 Kxe6 39.Ke4 Kf6 40.Rb7 Bc5 41.Rc7 Bf2 42.Rc6+ Kg7 43.f5 gxf5+
44.Kxf5 Be3 45.Re6 Bf2 46.Re2 Bg3 47.Re7+ Kf8 48.Rb7 Bf2 49.Ke4  1-0

[Event "Open"]
[Site "Moscow RUS"]
[Date "2007.02.02"]
[Round "7"]
[White "Malakhov,V"]
[Black "Najer,E"]
[Result "1/2-1/2"]
[WhiteElo "2663"]
[BlackElo "2605"]

1.e4 e5 2.Bc4 Nf6 3.d3 Nc6 4.Nf3 Bc5 5.c3 a6 6.Bb3 Ba7 7.Nbd2 O-O 8.h3 d6
9.Nf1 d5 10.Qe2 dxe4 11.dxe4 Be6 12.Ng3 Bxb3 13.axb3 Qd7 14.O-O Qe6 15.b4 h6
16.Nh4 Ne7 17.Qf3 Ng6 18.Nhf5 Rfd8 19.Be3 Bb6 20.Rad1 Kh7 21.Bc1 Ne7 22.Kh2 Nxf5
23.Nxf5 c5 24.bxc5 Bxc5 25.g4 Qc6 26.Ng3 Be7 27.g5 hxg5 28.Bxg5 g6 29.Rg1 Rxd1
30.Qxd1 Qe6 31.Bc1 Rd8 32.Qf3 Rd7 33.Kg2 a5 34.Qe2 Qd6 35.Be3 Qc6 36.Bc1 Qd6
37.Qc4 Bd8 38.Be3 Qd3 39.Qxd3 Rxd3 40.Kf3 Bb6 41.Ke2 Rd6 42.Ra1 Bxe3 43.Kxe3 b6
44.Ne2 Kh6 45.b4 axb4 46.cxb4 Kg5 47.Ra8 Rc6 48.Rb8 Rc4 49.h4+ Kxh4 50.Rxb6 Rxe4+
51.Kd3 Kg5 52.Rxf6 Rxe2 53.Rxg6+ Kxg6 54.Kxe2 Kf5 55.Kd3 Ke6 56.Kc4 Kd6 57.Kb5 e4
58.Kc4 Kc6 59.Kd4 Kb5 60.Kxe4 Kxb4 61.Ke5 Kc5 62.f3 Kc6 63.f4 Kd7 64.Kf6 Ke8
65.Kg7 f5 66.Kf6  1/2-1/2

[Event "Open"]
[Site "Moscow RUS"]
[Date "2007.02.04"]
[Round "9"]
[White "Malakhov,V"]
[Black "Grachev,B"]
[Result "1-0"]
[WhiteElo "2663"]
[BlackElo "2563"]

1.c4 e6 2.Nf3 d5 3.b3 Nf6 4.g3 Be7 5.Bg2 O-O 6.O-O b6 7.Bb2 Bb7 8.e3 c5 9.Nc3 Ne4
10.Ne2 Bf6 11.Qc1 Nd7 12.d3 Bxb2 13.Qxb2 Nef6 14.h3 h6 15.g4 Qc7 16.Ng3 Rad8
17.Rad1 Rfe8 18.Kh1 e5 19.Nh4 Nf8 20.Nhf5 Ne6 21.f4 exf4 22.exf4 d4 23.Qd2 Bxg2+
24.Kxg2 Nh7 25.Rde1 Kh8 26.Re2 Nef8 27.Rfe1 Rxe2+ 28.Rxe2 Qc6+ 29.Kh2 Re8
30.Ne7 Qd7 31.Qe1 Ne6 32.Nd5 Nhf8 33.Nf5 Nc7 34.Rxe8 Nxe8 35.Qe7 Qxe7 36.Nfxe7 Nd6
37.Nc6 Nc8 38.Kg3 Nd7 39.f5 Kg8 40.a3 a5 41.Kf4 g5+ 42.fxg6 fxg6 43.Ne5 Nf8
44.Nf6+ Kg7 45.Ne8+ Kg8 46.Ke4 Ne6 47.h4 Kf8 48.Nf6 Kg7 49.Ned7 Kf7 50.Nd5 b5
51.a4 bxa4 52.bxa4 Ke8 53.N5f6+ Kf7 54.Ke5 Nd8 55.Ne4 Nb7 56.h5 g5 57.Ng3 Nbd6
58.Nf6 Nxc4+ 59.dxc4 Nb6 60.Nfe4 Nxc4+ 61.Kd5 Nb6+ 62.Kxc5 Nxa4+ 63.Kxd4 Nb6
64.Nf5 a4 65.Nxh6+ Kf8 66.Nf5 a3 67.Kc3 Nc4 68.Kb3 Ne5 69.h6 Kg8 70.Nf6+ Kf7
71.h7 Ng6 72.Ne4 Nh8 73.Nxg5+ Kg6 74.Nf3 Kxh7 75.Ne5 Kg8 76.Kxa3 Kh7 77.Kb4 Kg8
78.Kc5 Kh7 79.Kd5 Kg8 80.Ke6 Kh7 81.Kf6 Kg8 82.Ne7+ Kh7 83.N7g6  1-0

[Event "8th ch-Euro"]
[Site "Dresden GER"]
[Date "2007.04.05"]
[Round "3"]
[White "Oleksienko,M"]
[Black "Malakhov,V"]
[Result "0-1"]
[WhiteElo "2541"]
[BlackElo "2663"]

1.e4 c5 2.Nf3 Nc6 3.d4 cxd4 4.Nxd4 Nf6 5.Nc3 d6 6.f3 e5 7.Nb3 Be7 8.Be3 O-O
9.Qd2 a5 10.Bb5 Be6 11.Rd1 Na7 12.Bd3 Nc8 13.Qf2 a4 14.Nc1 Qa5 15.Bd2 Qc7
16.a3 d5 17.exd5 Nxd5 18.Nxd5 Bxd5 19.O-O Nb6 20.Be3 Nc4 21.Bxc4 Bxc4 22.Rfe1 Qc6
23.Nd3 Qb5 24.Nxe5 Qxe5 25.Bd4 Qg5 26.f4 Qh4 27.Qe3 Bf6 28.g3 Qh6  0-1

[Event "8th ch-Euro"]
[Site "Dresden GER"]
[Date "2007.04.06"]
[Round "4"]
[White "Malakhov,V"]
[Black "Minasian,Art"]
[Result "1/2-1/2"]
[WhiteElo "2663"]
[BlackElo "2595"]

1.g3 c5 2.e4 d5 3.d3 dxe4 4.dxe4 Qxd1+ 5.Kxd1 Nc6 6.Be3 b6 7.Nd2 Bb7 8.f3 O-O-O
9.c3 e6 10.Kc2 Nge7 11.Be2 Ng6 12.Nh3 Be7 13.a4 Rd7 14.Rhd1 Rhd8 15.Nc4 Rxd1
16.Rxd1 Rxd1 17.Kxd1 Nge5 18.Nd2 f6 19.f4 Nf7 20.Bc4 Nfd8 21.Nf2 Kd7 22.h4 Na5
23.Bd3 Bc6 24.b3 Nf7 25.Bc2 e5 26.f5 Nd6 27.Ke2 Bb7 28.g4 h6 29.Nd1 Kc7 30.Bg1 c4
31.b4 Nb3 32.Bxb3 cxb3 33.Kd3 a6 34.c4 Bc6 35.b5 axb5 36.axb5 Be8 37.Nxb3 Bf7
38.Nd2 Nb7 39.Kc3 Bc5 40.Bxc5 Nxc5 41.Nf2 Kd6 42.Nf1 Na4+ 43.Kb4 Nc5 44.Ng3 Ke7
45.Ne2 h5 46.g5 fxg5 47.hxg5 g6 48.Ng1 Kd6 49.f6 Be6 50.Nf3 Bf7 51.Kc3 Na4+
52.Kb3 Nc5+ 53.Kb4 Be6 54.Nh4 Bf7 55.Kc3 Ne6 56.Nf3 Nc5 57.Nd3 Nxe4+ 58.Kb4 h4
59.Ndxe5 Nxg5 60.Nxf7+ Nxf7 61.Nxh4 g5 62.Nf5+ Ke5 63.Ne3 Kxf6 64.Nd5+ Ke5
65.Nxb6 g4 66.c5 g3 67.c6 g2 68.c7 g1=Q 69.c8=Q  1/2-1/2

[Event "8th ch-Euro"]
[Site "Dresden GER"]
[Date "2007.04.07"]
[Round "5"]
[White "Petrosian,TL"]
[Black "Malakhov,V"]
[Result "1/2-1/2"]
[WhiteElo "2592"]
[BlackElo "2663"]

1.e4 c5 2.Nf3 d6 3.d4 cxd4 4.Nxd4 Nf6 5.Nc3 Nc6 6.Bg5 e6 7.Qd2 a6 8.O-O-O Be7
9.f3 Bd7 10.Kb1 Nxd4 11.Qxd4 Rc8 12.h4 h6 13.Be3 e5 14.Qd2 Be6 15.g4 Qa5
16.Nd5 Qxd2 17.Nxf6+ Bxf6 18.Rxd2 Rc6 19.Be2 Bd8 20.f4 f6 21.Rhd1 Ke7 22.f5 Bf7
23.c4 Ba5 24.b4 Bxb4 25.Rb2 Bxc4 26.Bxc4 Rxc4 27.Bd2 a5 28.a3 Bxd2 29.Rxb7+ Kd8
30.Rxd2 Rc7 31.Rxd6+ Kc8 32.Rxc7+ Kxc7 33.Ra6 h5 34.g5 fxg5 35.hxg5 h4 36.Rxa5 h3
37.Rc5+ Kb6 38.Rc1 h2 39.Rh1 Kc5 40.f6 gxf6 41.gxf6 Kd6 42.a4  1/2-1/2

[Event "8th ch-Euro"]
[Site "Dresden GER"]
[Date "2007.04.11"]
[Round "8"]
[White "Malakhov,V"]
[Black "Nepomniachtchi,I"]
[Result "1-0"]
[WhiteElo "2679"]
[BlackElo "2602"]

1.c4 Nf6 2.Nc3 e5 3.Nf3 Nc6 4.g3 d5 5.cxd5 Nxd5 6.Bg2 Nb6 7.O-O Be7 8.d3 O-O
9.a4 a5 10.Be3 Be6 11.Nd2 f5 12.Rc1 f4 13.Bxb6 cxb6 14.Nc4 Bc5 15.Ne4 Bb4
16.Ned2 Bc5 17.Ne4 Bb4 18.Kh1 Nd4 19.Nc3 Qg5 20.Nxb6 Rad8 21.Nc4 Qh5 22.Nd2 Bxc3
23.bxc3 fxg3 24.fxg3 Nxe2 25.Rf3 e4 26.Qxe2 exf3 27.Qxe6+ Kh8 28.Bf1 Rde8
29.Qd6 Rd8 30.Qb6 f2 31.Qe3 b5 32.Ra1 Rde8 33.Ne4 bxa4 34.c4 Rb8 35.h3 a3
36.Qc5 Qf3+ 37.Kh2 a2 38.Qa3 Rb1 39.Nd2 Qf5 40.Nxb1 axb1=R 41.Rxb1 h5 42.Rb5  1-0

[Event "TCh-RUS"]
[Site "Sochi RUS"]
[Date "2007.05.03"]
[Round "2"]
[White "Eljanov,P"]
[Black "Malakhov,V"]
[Result "1/2-1/2"]
[WhiteElo "2686"]
[BlackElo "2679"]

1.d4 d5 2.c4 c6 3.Nf3 Nf6 4.Nc3 a6 5.c5 Nbd7 6.Bf4 Nh5 7.Bg5 h6 8.Bd2 Nhf6
9.Qc2 Qc7 10.e4 dxe4 11.Nxe4 Nxe4 12.Qxe4 Nf6 13.Qc2 Be6 14.O-O-O Nd7 15.h4 Bd5
16.Bc4 Bxc4 17.Qxc4 e6 18.Kb1 Be7 19.Rh3 Nf6 20.Ne5 Nd5 21.h5 Bf6 22.f4 Bxe5
23.fxe5 O-O-O 24.g4 f6 25.exf6 gxf6 26.Re1 Rde8 27.Qd3 Qh7 28.Qxh7 Rxh7 29.Rg3 Ree7
30.Kc2 Kd7 31.Kd3 Rh8 32.Ke2 Rg7 33.Reg1 Ke8 34.Kf2 Rd7 35.Re1 Kf7 36.Re4 Re7  1/2-1/2

[Event "TCh-RUS"]
[Site "Sochi RUS"]
[Date "2007.05.04"]
[Round "3"]
[White "Malakhov,V"]
[Black "Riazantsev,A"]
[Result "1-0"]
[WhiteElo "2679"]
[BlackElo "2621"]

1.e4 e5 2.Nf3 Nc6 3.Bc4 Nf6 4.d3 Bc5 5.c3 a6 6.Bb3 Ba7 7.O-O O-O 8.Re1 d6
9.h3 Be6 10.Nbd2 Nd7 11.Nf1 Bxb3 12.axb3 f5 13.exf5 Rxf5 14.Be3 Bxe3 15.Nxe3 Rf8
16.b4 Kh8 17.Nd2 Ne7 18.Ne4 Ng6 19.g3 Nf6 20.Rf1 Qd7 21.Nxf6 gxf6 22.Kh2 f5
23.f4 exf4 24.gxf4 Rae8 25.Qf3 Nh4 26.Qf2 Qf7 27.Nc2 Qf6 28.Rae1 Rxe1 29.Rxe1 Rg8
30.Rg1 Rxg1 31.Kxg1 Qg7+ 32.Kh2 Ng6 33.Nd4 Qh6 34.Ne2 Qg7 35.Qa7 Qe7 36.Ng3 h5
37.Qxb7 h4 38.Nxf5 Qe2+ 39.Qg2 Qxg2+ 40.Kxg2 Nxf4+ 41.Kf3 Nxd3 42.b3 Nc1
43.Ke3 Nxb3 44.Kd3 a5 45.Kc2 a4 46.Nxh4 c5 47.b5 Na5 48.b6 d5 49.Nf5 Kh7
50.Kb1 d4 51.cxd4 cxd4 52.Nxd4 Kg6 53.Ka2 Kg5 54.Nf3+ Kf4 55.Nd2 Kg3 56.Ka3 Kxh3
57.Kxa4 Nb7 58.Kb5 Kg4 59.Kc6 Na5+ 60.Kc7 Kf4 61.Nc4 Nb3 62.Kd6  1-0

[Event "TCh-RUS"]
[Site "Sochi RUS"]
[Date "2007.05.06"]
[Round "5"]
[White "Malakhov,V"]
[Black "Amonatov,F"]
[Result "1/2-1/2"]
[WhiteElo "2679"]
[BlackElo "2574"]

1.e4 c5 2.Nf3 d6 3.c3 Nf6 4.h3 Nbd7 5.Bd3 e5 6.O-O Be7 7.Re1 O-O 8.Bf1 a6
9.a4 b6 10.d4 Re8 11.dxe5 dxe5 12.Bc4 Rf8 13.Bg5 Bb7 14.Bxf6 Nxf6 15.Qxd8 Raxd8
16.Nbd2 Bd6 17.Nh2 Bc7 18.Re2 Bc8 19.Nhf1 g6 20.Ne3 Bb7 21.f3 Nh5 22.Nb3 Nf4
23.Rc2 Rb8 24.Rd2 Rfd8 25.Bf1 Rxd2 26.Nxd2 Rd8 27.Nb3 Nd3 28.Ra2 a5 29.Nc4 Nf4
30.Ra1 Kg7 31.Ne3 Bc6 32.Bb5 Bb7 33.Rd1 Rxd1+ 34.Nxd1 f5 35.Nd2 h5 36.Ne3 Kf6
37.h4 Ne6 38.Bc4 Bd8 39.Bd5 Bc8 40.Bc6 Nf4 41.Be8 Kg7 42.exf5 gxf5 43.Ndc4 Be6
44.Nxe5 Bxh4 45.Kf1 Bf6 46.N5c4 Nxg2 47.Kxg2 f4 48.Bxh5 fxe3 49.Nxe3 Bd7
50.Nc4 Bd8 51.b3 Be6 52.Bg4  1/2-1/2

[Event "TCh-RUS"]
[Site "Sochi RUS"]
[Date "2007.05.09"]
[Round "8"]
[White "Yakovich,Yur"]
[Black "Malakhov,V"]
[Result "1/2-1/2"]
[WhiteElo "2600"]
[BlackElo "2679"]

1.e4 c5 2.Nf3 Nc6 3.d4 cxd4 4.Nxd4 Nf6 5.Nc3 d6 6.Bg5 e6 7.Qd2 a6 8.O-O-O Be7
9.f4 Nxd4 10.Qxd4 b5 11.Be2 Bb7 12.Bf3 Rc8 13.Bxf6 gxf6 14.f5 Qc7 15.fxe6 fxe6
16.Kb1 Qc4 17.Qd2 O-O 18.Rhe1 Rc7 19.Ne2 Bc8 20.Nf4 Rf7 21.Bg4 f5 22.exf5 Bg5
23.fxe6 Rxf4 24.e7 Rxe7 25.Bxc8 Rxe1 26.Rxe1 Rf5 27.Bxf5 Bxd2 28.Be6+ Kg7
29.Bxc4 Bxe1 30.Bd3 h5 31.a4 bxa4 32.Bxa6 Bf2 33.Ka2 Bg1 34.h3 Bc5 35.g3 Kf6
36.Be2 Kg5 37.Bd1 d5 38.Bf3 d4 39.g4 hxg4 40.Bxg4 Bf8 41.Bd7 Kh4 42.Bxa4 Kxh3
43.Kb3 Kg4 44.Kc4 Kf4 45.Kd5 Ke3 46.Bb5 Be7 47.Bd3 Bf8 48.b3 Bb4 49.Kc4 Be7
50.b4 Kf4 51.b5 Ke5 52.b6 Ba3 53.Kb5 Kd6 54.Ka6 Bc5 55.Kb7 Kd7 56.Bf1 d3
57.Bxd3 Kd6 58.c4 Bg1  1/2-1/2

[Event "TCh-RUS"]
[Site "Sochi RUS"]
[Date "2007.05.10"]
[Round "9"]
[White "Inarkiev,E"]
[Black "Malakhov,V"]
[Result "1/2-1/2"]
[WhiteElo "2669"]
[BlackElo "2679"]

1.e4 c5 2.Nf3 Nc6 3.d4 cxd4 4.Nxd4 Nf6 5.Nc3 d6 6.Bg5 e6 7.Qd2 a6 8.O-O-O Be7
9.f4 Nxd4 10.Qxd4 b5 11.Be2 Bb7 12.Bf3 Rc8 13.Bxf6 gxf6 14.Kb1 Qc7 15.Qd2 b4
16.Ne2 a5 17.f5 e5 18.Ng3 a4 19.Rhe1 a3 20.b3 Qc3 21.Qxc3 Rxc3 22.Ne2 Rc5
23.c4 bxc3 24.Rc1 Kd7 25.Nxc3 Bd8 26.Nd5 Bxd5 27.exd5 Bb6 28.Rxc5 Bxc5 29.Rc1 Rb8
30.Rc4 Bb4 31.Kc2 Rb7 32.Kd3 Ke7 33.Rc6 Be1 34.Ra6 Rb4 35.Ra7+ Kf8 36.Ra4 Rf4
37.Rxf4 exf4 38.Kc4 Ke7 39.b4 Bd2 40.Kb3 Bc1 41.Bh5 Kd8 42.Ka4 Kc7 43.Kb5 Bd2
44.Bxf7 f3 45.gxf3 h6 46.Be8 Kd8 47.Bc6 Kc7 48.h3 Kc8 49.Ka5 Kc7 50.Ka4 Bc1
51.Kb3 Kd8 52.f4 Kc7 53.Kc2 Bxf4 54.Kd3 Bg3 55.Ke2 h5 56.Be8 h4 57.Bc6 Kb6
58.Kf3 Be1 59.b5 Kc7 60.Kg4 Bg3 61.Kh5 Be1 62.Kg6 Bc3 63.Kf7 Be5 64.Ke7 Kb6
65.Kd7 Bg3 66.Ke7  1/2-1/2

[Event "TCh-ESP Honor Gp2"]
[Site "Torrelavega ESP"]
[Date "2007.06.28"]
[Round "2"]
[White "Inarkiev,E"]
[Black "Malakhov,V"]
[Result "1/2-1/2"]
[WhiteElo "2669"]
[BlackElo "2679"]

1.e4 c5 2.Nf3 Nc6 3.d4 cxd4 4.Nxd4 Nf6 5.Nc3 d6 6.Bg5 Bd7 7.Qd2 h6 8.Bxf6 gxf6
9.O-O-O Nxd4 10.Qxd4 Qa5 11.f4 Rc8 12.Kb1 Qc5 13.Qd3 f5 14.exf5 Qxf5 15.Qd4 Rg8
16.Qxa7 Bc6 17.Qb6 Bg7 18.Nb5 Kf8 19.Na7 Ra8 20.Nxc6 bxc6 21.Qb7 Re8 22.Bc4 Qc5
23.Bb3 Bf6 24.Rd2 Kg7 25.Qd7 Rb8 26.Rd3 Kh8 27.Qh3 Bg7 28.c3 Qb5 29.Rd2 d5
30.g4 Rgd8 31.Qh5 Qc5 32.Re1 Rf8 33.g5 Qd6 34.Qg4 e6 35.Re3 f5 36.gxf6 Rxf6
37.Rg2 Rb7 38.Rf3 c5 39.Bc2 Qb8 40.Ka1 c4 41.Bb1 Qf8 42.Rfg3 Re7 43.Qh5 Kg8
44.Rg4 Kh8 45.Qh4 Ref7 46.Qh3 Qd6 47.Qg3 Qf8 48.Bc2 Rxf4 49.Rxf4  1/2-1/2

[Event "29th Politiken Cup"]
[Site "Copenhagen DEN"]
[Date "2007.07.21"]
[Round "1"]
[White "Malakhov,V"]
[Black "Valla,M"]
[Result "1-0"]
[WhiteElo "2676"]
[BlackElo "2033"]

1.c4 e5 2.Nc3 Nc6 3.g3 g6 4.Bg2 Bg7 5.Nf3 f5 6.d3 d6 7.O-O Nf6 8.Rb1 a5 9.a3 O-O
10.b4 axb4 11.axb4 h6 12.b5 Ne7 13.Nd2 c6 14.Qb3 Be6 15.Ba3 Qd7 16.Ra1 Kh7
17.Rfb1 Rfd8 18.Na4 Qc7 19.Bb2 c5 20.Ra3 d5 21.b6 Qd6 22.cxd5 Bxd5 23.Bxd5 Qxd5
24.Qxd5 Rxd5 25.Nxc5 Rc8 26.Ne6 Rc6 27.Nxg7 Kxg7 28.Nc4 Nd7 29.Ra7  1-0

[Event "29th Politiken Cup"]
[Site "Copenhagen DEN"]
[Date "2007.07.22"]
[Round "2"]
[White "Flindt,T"]
[Black "Malakhov,V"]
[Result "0-1"]
[WhiteElo "2192"]
[BlackElo "2676"]

1.e4 c5 2.Nf3 Nc6 3.d4 cxd4 4.Nxd4 Nf6 5.Nc3 d6 6.Bg5 Bd7 7.Qd2 h6 8.Bxf6 gxf6
9.O-O-O Nxd4 10.Qxd4 Qa5 11.f4 Rc8 12.Bc4 Qc5 13.Bb3 Qxd4 14.Rxd4 Rc5 15.Rb4 b5
16.a4 a5 17.Rd4 b4 18.Nb5 h5 19.Rhd1 h4 20.Rd5 Rxd5 21.Bxd5 Bh6 22.g3 Rg8
23.Kb1 hxg3 24.hxg3 Rxg3 25.f5 Be3 26.Rh1 Rg1+ 27.Rxg1 Bxg1 28.Bc4 Bc5 29.Ka2 e6
30.Bd3 Bc6 31.Kb3 Kd7 32.c4 exf5 33.exf5 Bf3 34.Kc2 Kc6 35.Kd2 d5 36.b3 dxc4
37.bxc4 Bg1 38.Kc2 Kc5 39.Kd2 Bh2 40.Kc2 Be5 41.Na7 Kd4 42.Nb5+ Ke3 43.Bf1 Be4+
44.Kb3 Kd2 45.c5 Bc2+ 46.Kc4 Bxa4  0-1

[Event "29th Politiken Cup"]
[Site "Copenhagen DEN"]
[Date "2007.07.24"]
[Round "5"]
[White "Malakhov,V"]
[Black "Nielsen,PH"]
[Result "1/2-1/2"]
[WhiteElo "2676"]
[BlackElo "2638"]

1.Nf3 Nf6 2.c4 c5 3.g3 d5 4.cxd5 Nxd5 5.Bg2 Nc6 6.Nc3 g6 7.d3 Bg7 8.Bd2 O-O
9.O-O Nc7 10.Qc1 b6 11.Bh6 Bb7 12.Bxg7 Kxg7 13.Ne5 Qd6 14.Qe3 Rfe8 15.Rfc1 Rac8
16.Qf4 Nxe5 17.Bxb7 Ne6 18.Qa4 Rb8 19.Bg2 a5 20.Rd1 Red8 21.Nb5 Qd7 22.Qe4 Ng4
23.Qc6 Qxc6 24.Bxc6 Nd4 25.Nxd4 Rxd4 26.Rdc1 Ne5 27.Bg2 g5 28.a3 Rbd8 29.b3 f5
30.Rab1 R8d6 31.b4 axb4 32.axb4 c4 33.dxc4 Rxc4 34.Rxc4 Nxc4 35.h3 Rd2 36.e3 Nd6
37.b5 Kf6 38.Bc6  1/2-1/2

[Event "29th Politiken Cup"]
[Site "Copenhagen DEN"]
[Date "2007.07.26"]
[Round "7"]
[White "Malakhov,V"]
[Black "Cmilyte,V"]
[Result "1-0"]
[WhiteElo "2676"]
[BlackElo "2467"]

1.Nf3 Nf6 2.c4 b6 3.g3 c5 4.Bg2 Bb7 5.O-O e6 6.Nc3 Be7 7.d4 cxd4 8.Qxd4 d6
9.Bg5 a6 10.Bxf6 Bxf6 11.Qf4 O-O 12.Rfd1 Be7 13.Ne4 Bxe4 14.Qxe4 Ra7 15.Nd4 Rc7
16.b3 Qc8 17.e3 Bf6 18.Rab1 Rd8 19.Qg4 Rc5 20.a4 g6 21.Rd2 Bg7 22.Rbd1 Bf8
23.Qe2 Rc7 24.Qd3 Be7 25.Qb1 Rc5 26.Qa2 Nd7 27.Rc2 Ne5 28.h3 d5 29.cxd5 exd5
30.Rcd2 Rc1 31.Ne2 Rxd1+ 32.Rxd1 Nc6 33.Qc2 Bc5 34.Bxd5 Nb4 35.Qc4 Nxd5 36.Rxd5 Rxd5
37.Qxd5 Qxh3 38.Qa8+ Kg7 39.Qxa6 h5 40.b4 Bxb4 41.Qxb6 Be7 42.a5 h4 43.a6 hxg3
44.Nxg3 Bh4 45.Qd4+ Kh7 46.Nf1 Be7 47.a7 Qf3 48.Qf4  1-0

[Event "XXII Rapid"]
[Site "Villarrobledo ESP"]
[Date "2007.08.04"]
[Round "4"]
[White "Malakhov,V"]
[Black "Ljubojevic,L"]
[Result "1-0"]
[WhiteElo "2676"]
[BlackElo "2550"]

1.e4 c5 2.Nf3 e6 3.c3 d5 4.exd5 exd5 5.d4 Nc6 6.Be2 Bd6 7.dxc5 Bxc5 8.O-O Nf6
9.Bf4 O-O 10.Nbd2 Re8 11.Nb3 Bb6 12.Nfd4 Ne4 13.Bd3 Qf6 14.Be3 Ne5 15.Be2 Nc4
16.Bxc4 dxc4 17.Nd2 Nxd2 18.Qxd2 h6 19.Rfe1 Bg4 20.h3 Bh5 21.Nc2 Bg6 22.Bxb6 Qxb6
23.Nd4 a5 24.a4 Bd3 25.Nb5 Rad8 26.Rxe8+ Rxe8 27.Re1 Re6 28.Rxe6 Qxe6 29.Qf4 g5
30.Qd4 Kh7 31.Nd6 Qd7 32.Qe5 b6 33.Ne8  1-0

[Event "61st Open ch-Moscow Blitz"]
[Site "Moscow RUS"]
[Date "2007.08.26"]
[Round "?"]
[White "Zvjaginsev,V"]
[Black "Malakhov,V"]
[Result "0-1"]
[WhiteElo "2658"]
[BlackElo "2676"]

1.g3 e5 2.Bg2 d5 3.d3 Nf6 4.Nf3 Nc6 5.O-O Be7 6.Bg5 O-O 7.Nc3 d4 8.Bxf6 Bxf6
9.Ne4 Be7 10.c3 dxc3 11.bxc3 Be6 12.Qc2 Rb8 13.e3 f5 14.Ned2 f4 15.exf4 exf4
16.Rfe1 Bf5 17.Qb3+ Kh8 18.d4 fxg3 19.hxg3 Bf6 20.Ne4 Na5 21.Qb5 Bxe4 22.Rxe4 b6
23.Qh5 Nc4 24.Rae1 Nd6 25.Re6 Qd7 26.Bh3 Qf7 27.Qxf7 Rxf7 28.Ne5 Bxe5 29.R1xe5 Rbf8
30.f4 g6 31.Kg2  0-1

[Event "61st Open ch-Moscow Blitz"]
[Site "Moscow RUS"]
[Date "2007.08.26"]
[Round "?"]
[White "Grischuk,A"]
[Black "Malakhov,V"]
[Result "1-0"]
[WhiteElo "2726"]
[BlackElo "2676"]

1.d4 d5 2.c4 c6 3.Nf3 Nf6 4.Nc3 e6 5.Qd3 Nbd7 6.g3 b6 7.Bg2 Bb7 8.O-O Be7
9.Rd1 O-O 10.Bf4 Nh5 11.Bd2 Nhf6 12.Rac1 Rc8 13.Bf4 Nh5 14.Bd2 Ba6 15.b3 f5
16.a4 Qe8 17.Ra1 Nhf6 18.a5 b5 19.c5 Ne4 20.Na2 Bd8 21.Nb4 Nb8 22.Bf4 Bc7
23.Bxc7 Rxc7 24.Ne5 Bc8 25.a6 Nf6 26.Qe3 Nfd7 27.Ned3 Nf6 28.f3 Qd8 29.Qe5 Nbd7
30.Qxe6+ Kh8 31.Nxc6 Qe8 32.Qxe8 Rxe8 33.Nce5 Nb8 34.Nb4  1-0

[Event "60th ch-RUS Higher League"]
[Site "Krasnoyarsk RUS"]
[Date "2007.09.04"]
[Round "2"]
[White "Amonatov,F"]
[Black "Malakhov,V"]
[Result "1-0"]
[WhiteElo "2598"]
[BlackElo "2676"]

1.e4 c5 2.Nf3 Nc6 3.d4 cxd4 4.Nxd4 Nf6 5.Nc3 d6 6.Bc4 e6 7.Be3 Be7 8.Qe2 Nxd4
9.Bxd4 a6 10.O-O-O b5 11.Bb3 Bb7 12.f4 O-O 13.a3 Qb8 14.f5 e5 15.Bf2 Bc6
16.g4 b4 17.axb4 Qxb4 18.Rhe1 Nd7 19.h4 Nc5 20.Bxc5 dxc5 21.g5 Bb5 22.Qh5 c4
23.Nd5 Qc5 24.f6 Bd8 25.Ba2 Re8 26.fxg7 Re6 27.Rf1 Be8 28.g6 Rxg6 29.Qxe5 Qc6
30.Bxc4 Bxh4 31.Ne7+ Bxe7 32.Qxe7 Rxg7 33.Rg1 Qb6 34.Rxg7+ Kxg7 35.Kb1 Rc8
36.Qe5+ Kf8 37.Bb3 Qg6 38.Qh8+ Ke7 39.Qd4 a5 40.e5 Qc6 41.Qh4+ Kf8 42.e6 fxe6
43.Rf1+ Bf7 44.Qxh7 Rc7 45.Qh8+ Ke7 46.Qh4+ Kf8 47.Qd8+ Kg7 48.Qf6+ Kf8 49.Ba4 Qg2
50.Qd8+ Kg7 51.Qd4+ e5 52.Qxe5+ Kh7 53.Re1 Rb7 54.Qf6 Bg6 55.Bc6 Qxc2+ 56.Ka1  1-0

[Event "60th ch-RUS Higher League"]
[Site "Krasnoyarsk RUS"]
[Date "2007.09.05"]
[Round "3"]
[White "Malakhov,V"]
[Black "Khairullin,I"]
[Result "1-0"]
[WhiteElo "2676"]
[BlackElo "2567"]

1.e4 c5 2.Nf3 d6 3.Bc4 Nf6 4.d3 Nc6 5.c3 e6 6.Bb3 Be7 7.O-O O-O 8.Re1 b5
9.a3 Rb8 10.Nbd2 Qc7 11.Nf1 Bb7 12.Ng3 Rfd8 13.h3 Rbc8 14.Ba2 Ne5 15.Bb1 Nxf3+
16.Qxf3 Nd7 17.Qe2 d5 18.e5 d4 19.f4 Bh4 20.Qg4 Bxg3 21.Qxg3 Nf8 22.c4 Qc6
23.b3 Ng6 24.Ra2 Ne7 25.Kh2 Nf5 26.Qf2 h5 27.g4 hxg4 28.hxg4 Ne3 29.Bxe3 dxe3
30.Qxe3 Rd4 31.Kg3 g6 32.Rh2 Kf8 33.cxb5 Qd5 34.Bc2 Ke7 35.a4 a6 36.b6 a5
37.Ree2 Ba6 38.Rd2 Rb8 39.Bd1 Rxb6 40.Bf3 Qd8 41.Rh7 Qf8 42.Rdh2 Rxb3 43.Rh8 Rbxd3
44.Qc1 Rc4 45.Qb2 Rcc3 46.Rxf8 Rxf3+ 47.Kh4 Kxf8 48.Qb6 Bf1 49.Kg5 Kg7 50.Rh6 Rh3
51.Rxg6+ fxg6 52.Qc7+ Kh8 53.Kf6  1-0

[Event "60th ch-RUS Higher League"]
[Site "Krasnoyarsk RUS"]
[Date "2007.09.13"]
[Round "10"]
[White "Najer,E"]
[Black "Malakhov,V"]
[Result "1/2-1/2"]
[WhiteElo "2623"]
[BlackElo "2676"]

1.d4 d5 2.c4 c6 3.Nc3 Nf6 4.Nf3 e6 5.Bg5 h6 6.Bh4 dxc4 7.e4 g5 8.Bg3 b5 9.Be2 Bb7
10.O-O Nbd7 11.Ne5 Bg7 12.Nxd7 Nxd7 13.Bd6 a6 14.e5 c5 15.Bh5 Bf8 16.Bxf8 Nxf8
17.Bf3 Bxf3 18.Qxf3 Ng6 19.Ne4 O-O 20.dxc5 Qd3 21.Nf6+ Kh8 22.Qh5 Kg7 23.Rad1 Qf5
24.Nd7 Rfd8 25.f4 gxf4 26.Qxf5 exf5 27.Nb6 Rxd1 28.Rxd1 Rb8 29.Rd5 Nf8 30.Rd6 Ne6
31.c6 Nc7 32.Nd7 Rc8 33.Nb6 Rb8 34.Nd7 Rc8 35.Nf6 Kf8 36.Kf2 a5 37.Kf3 Ne6
38.Nd7+ Kg7 39.a3 b4 40.axb4 axb4 41.Nb6 c3 42.bxc3 bxc3 43.Ke2 Rxc6 44.Rxc6 Nd4+
45.Kd3 Nxc6 46.Nd7 Kg6 47.Kxc3 Kg5 48.Kc4 Ne7 49.Kd3 f3 50.gxf3 Kf4 51.Ke2 Nc6
52.Kf2 Nb4 53.Ke2 h5 54.Nc5 Kxe5 55.Nd3+ Nxd3 56.Kxd3 Kf4 57.Ke2 Kg5 58.Ke3 Kh4
59.Kf2 Kh3 60.Kg1 h4 61.Kh1 f4 62.Kg1 f5 63.Kh1  1/2-1/2

[Event "60th ch-RUS Higher League"]
[Site "Krasnoyarsk RUS"]
[Date "2007.09.14"]
[Round "11"]
[White "Malakhov,V"]
[Black "Zakhartsov,V"]
[Result "1/2-1/2"]
[WhiteElo "2676"]
[BlackElo "2559"]

1.e4 c5 2.Nc3 d6 3.Nge2 Nc6 4.d4 cxd4 5.Nxd4 e6 6.g3 a6 7.Bg2 Qc7 8.O-O Nf6
9.Re1 Rb8 10.Nxc6 bxc6 11.Na4 Be7 12.c4 c5 13.e5 Nd7 14.Qg4 Nxe5 15.Rxe5 dxe5
16.Qxg7 Rf8 17.Bh6 Bb7 18.Bxb7 Rxb7 19.Qxh7 Qc6 20.Bxf8 Bxf8 21.b3 Qf3 22.Re1 Rd7
23.Qc2 f5 24.Qe2 Qxe2 25.Rxe2 Rd1+ 26.Kg2 e4 27.Nb2 Ra1 28.Na4 Rd1 29.f3 exf3+
30.Kxf3 Kf7 31.Nb2 Rd8 32.g4 Bg7 33.gxf5 exf5 34.Rg2 Bxb2 35.Rxb2 Rd3+ 36.Ke2 Rh3
37.Kf1 Kf6 38.Rd2 Kg5 39.Kg1 a5 40.Rd5 a4 41.bxa4 Ra3 42.Rxc5 Rxa4 43.Rc8 Rxa2
44.Rg8+ Kf4 45.h4 Kf3 46.h5 f4 47.h6 Ra1+ 48.Kh2 Ra2+ 49.Kh3 Ra1 50.Kh2 Ra2+
51.Kh3  1/2-1/2

[Event "World Cup"]
[Site "Khanty-Mansiysk RUS"]
[Date "2007.11.29"]
[Round "2.4"]
[White "Malakhov,V"]
[Black "Volkov,Sergey1"]
[Result "1/2-1/2"]
[WhiteElo "2690"]
[BlackElo "2648"]

1.d4 e6 2.Nf3 f5 3.g3 Nf6 4.Bg2 Be7 5.O-O O-O 6.c4 d6 7.Nc3 Qe8 8.Qc2 Na6
9.a3 Qg6 10.b4 c6 11.c5 Nc7 12.Bf4 Nce8 13.b5 Nd5 14.cxd6 Nxd6 15.Nxd5 exd5
16.bxc6 Nc4 17.Ne5 Nxe5 18.Bxd5+ Be6 19.Bxe6+ Qxe6 20.cxb7 Rab8 21.Bxe5 Rxb7
22.Rfc1 Kh8 23.Qc6 Qb3 24.Qc3 Qa4 25.Qc6 Qb3 26.Qc3 Qa4 27.Qc6  1/2-1/2

[Event "Bali Torneo de las Estrellas"]
[Site "Benidorm ESP"]
[Date "2007.12.08"]
[Round "7"]
[White "Malakhov,V"]
[Black "Recuero Guerra,D"]
[Result "1-0"]
[WhiteElo "2690"]
[BlackElo "2407"]

1.c4 e5 2.Nc3 Nc6 3.Nf3 Nf6 4.g3 Nd4 5.Bg2 Nxf3+ 6.Bxf3 Bc5 7.O-O a6 8.b3 O-O
9.Bb2 Re8 10.Bg2 d6 11.e3 Bg4 12.Qc2 Qc8 13.Na4 Ba7 14.c5 Bh3 15.f4 Bxg2
16.Kxg2 Qd7 17.Rac1 Qc6+ 18.Kg1 Ne4 19.cxd6 Qxc2 20.Rxc2 Nxd2 21.d7 Bxe3+
22.Kg2 Red8 23.Re1 exf4 24.gxf4 Bxf4 25.Nc5 b6 26.Nd3 Bd6 27.Rxd2 Rxd7 28.Nf2 f5
29.Ba3 Rad8 30.Red1 Kf7 31.Bxd6 cxd6 32.Nh3 h6 33.Nf4 b5 34.Rd5 g6 35.h4 Rc8
36.h5 Rc2+ 37.Kh1 gxh5 38.Rxf5+ Ke8 39.Nd5 Rf7 40.Re1+ Kf8 41.Nf6 Rc8 42.Rf2 d5
43.Ref1  1-0